000 00543nam a2200217 a 4500
999 _c6216
_d6216
001 6216
003 BD-JhCC
005 20180120172138.0
008 180117s1969 u a|||| || | 001 0 eng d
035 _a(BD-JhCC)6216
040 _aBD-JhCC
_dBD-JhCC
041 _aeng
082 _a621.381
_bMAR 1969
100 _aMarcus, Abraham
245 _aElectronics for Technicians /
_cAbraham Marcus,
260 _aUSA :
_bPrentick-Hall, Inc.
_c1969
300 _a496 p. :
_c24 cm.
650 _aElectronics
942 _2ddc
_cBK